Krajina s dobrými perspektívami rozvoja

Čile je krajina s otvorenou a so stabilnou ekonomikou, patrí medzi modelové krajiny Latinskej Ameriky. Charakteristika hospodárstva tejto modelovej krajiny - ťažobný priemysel, energia, lesy a poľnohospodárstvo, infraštruktúra, nezamestnanosť, ekonomický rast, finančný systém. Základné politické a g...

Full description

Saved in:
Bibliographic Details
Format: Book Chapter
Language:Slovak
Subjects:
Tags: Add Tag
No Tags, Be the first to tag this record!

MARC

LEADER 00000naa a2200000 4500
001 r046562
005 20230925130100.5
041 0 |a slo 
044 |a SK 
245 1 0 |a Krajina s dobrými perspektívami rozvoja 
520 |a Čile je krajina s otvorenou a so stabilnou ekonomikou, patrí medzi modelové krajiny Latinskej Ameriky. Charakteristika hospodárstva tejto modelovej krajiny - ťažobný priemysel, energia, lesy a poľnohospodárstvo, infraštruktúra, nezamestnanosť, ekonomický rast, finančný systém. Základné politické a geografické údaje Čile. 
610 2 0 |a údaje štatistické medzinárodné 
610 2 0 |a vývoj hospodársky 
610 2 0 |a priemysel 
610 2 0 |a energia 
610 2 0 |a lesy 
610 2 0 |a poľnohospodárstvo 
610 2 0 |a infraštruktúra 
610 2 0 |a nezamestnanosť 
610 2 0 |a rast hospodársky 
610 2 0 |a financie 
610 2 0 |a geografia 
610 2 0 |a Čile 
610 2 0 |a Latinská Amerika